Statistics for Country of Origin by Type of Music

Click here to take the quiz!

General Stats

  • This quiz has been taken 59 times
  • The average score is 22 of 26

Answer Stats

Type of Music Country % Correct
AlternativeUnited States
96%
Rock & RollUnited States
93%
HindustaniIndia
93%
ReggaeJamaica
91%
J-PopJapan
87%
FlamencoSpain
85%
OperaItaly
85%
Bossa NovaBrazil
83%
MariachiMexico
80%
K-PopKorea
78%
CumbiaColombia
65%
MamboCuba
65%
SaidiEgypt
33%
BachataDominican Republic
20%

Score Distribution

Percentile by Number Answered

Percent of People with Each Score

Your Score History

You have not taken this quiz